00453nam a22001691a 45000010005000000030004000050050017000090080041000260500022000670820022000891110027001112450078001382500006002162640024002223000009002466500028002551708OSt20260204211744.0040120s(199||||dr ||||||b||||||||||spa|| aRD 362.8292 R299l aRD 362.8292 R299l aRepública Dominicana aLey 24-97 contra la violencia intrafamiliar: Te puedo ser útil, léeme a2 aSanto Domingo : SEM a48 p a1.Violencia FamiliarÌ